| 000 | 01660cam a22003737a 4500 | ||
|---|---|---|---|
| 001 | 13750526 | ||
| 005 | 20070514112131.0 | ||
| 008 | 041014s2005 caua f 000 0 eng d | ||
| 010 | _a 2004115078 | ||
| 015 |
_aGBA509635 _2bnb |
||
| 016 | 7 |
_a013100223 _2Uk |
|
| 020 | _a0782143903 (pbk.) | ||
| 020 | _a9780782143904 (pbk.) | ||
| 035 | _a(OCoLC)ocm57574713 | ||
| 040 |
_aUKM _cUKM _dDLC |
||
| 042 | _alccopycat | ||
| 050 | 0 | 0 |
_aTA1800 _b.W66 2005 |
| 082 | 0 | 0 |
_a621.3692 _222 _bWOO |
| 100 | 1 |
_aWoodward, Bill. _927650 |
|
| 245 | 1 | 0 |
_aFiber Optics Installer and Technician Guide / _cBill Woodward, Emile B. Husson |
| 260 |
_aSan Francisco, Calif. ; _aLondon : _bSYBEX, 2005 _cc2005. |
||
| 300 |
_axxxvi, 457 p. : _bill. ; _c24 cm. : _e1 CD-ROM (4 3/4 in.) |
||
| 650 | 0 |
_aFiber optics. _927651 |
|
| 650 | 0 |
_aFiber optics _xCertification. _927652 |
|
| 653 |
_bGen _cOctober2011 |
||
| 700 |
_927649 _aHusson, Emile B. |
||
| 856 | 4 | 2 |
_3Contributor biographical information _uhttp://www.loc.gov/catdir/enhancements/fy0620/2004115078-b.html |
| 856 | 4 | 2 |
_3Publisher description _uhttp://www.loc.gov/catdir/enhancements/fy0620/2004115078-d.html |
| 856 | 4 | 1 |
_3Table of contents only _uhttp://www.loc.gov/catdir/enhancements/fy0620/2004115078-t.html |
| 942 |
_2ddc _cBB |
||
| 999 |
_c16174 _d16174 |
||